<?xml version="1.0" encoding="UTF-8"?>
<record
    xmlns:xsi="http://www.w3.org/2001/XMLSchema-instance"
    xsi:schemaLocation="http://www.loc.gov/MARC21/slim http://www.loc.gov/standards/marcxml/schema/MARC21slim.xsd"
    xmlns="http://www.loc.gov/MARC21/slim">

  <leader>     aam a22      a 4500</leader>
  <datafield tag="999" ind1=" " ind2=" ">
    <subfield code="c">4200</subfield>
    <subfield code="d">4200</subfield>
  </datafield>
  <controlfield tag="003">AKMAL</controlfield>
  <controlfield tag="005">20170525150718.0</controlfield>
  <controlfield tag="008">170525s1954    enk           00    eng d</controlfield>
  <datafield tag="040" ind1=" " ind2=" ">
    <subfield code="a">AKMAL</subfield>
    <subfield code="c">AKMAL</subfield>
  </datafield>
  <datafield tag="041" ind1="1" ind2=" ">
    <subfield code="a">eng</subfield>
    <subfield code="h">fre</subfield>
  </datafield>
  <datafield tag="043" ind1=" " ind2=" ">
    <subfield code="a">am-----</subfield>
  </datafield>
  <datafield tag="043" ind1=" " ind2=" ">
    <subfield code="a">a-io---</subfield>
  </datafield>
  <datafield tag="043" ind1=" " ind2=" ">
    <subfield code="a">a-ph---</subfield>
  </datafield>
  <datafield tag="049" ind1="0" ind2="0">
    <subfield code="a">pma</subfield>
  </datafield>
  <datafield tag="082" ind1="0" ind2="4">
    <subfield code="a">959 ROB</subfield>
    <subfield code="2">21</subfield>
  </datafield>
  <datafield tag="090" ind1="0" ind2="0">
    <subfield code="a">959</subfield>
    <subfield code="b">ROB</subfield>
  </datafield>
  <datafield tag="100" ind1="1" ind2=" ">
    <subfield code="a">Robequain, Charles,</subfield>
    <subfield code="d">1897-</subfield>
    <subfield code="9">8230</subfield>
  </datafield>
  <datafield tag="245" ind1="1" ind2="0">
    <subfield code="a">Malaya, Indonesia, Borneo, and the Philippines :</subfield>
    <subfield code="b">a geographical, economic and political description of Malaya, the East Indies and the Philippines /</subfield>
    <subfield code="c">by Charles Robequain ; translated by E.D. Laborde</subfield>
  </datafield>
  <datafield tag="260" ind1=" " ind2=" ">
    <subfield code="a">London :</subfield>
    <subfield code="b">Longmans, Green,</subfield>
    <subfield code="c">1954</subfield>
  </datafield>
  <datafield tag="300" ind1="0" ind2="0">
    <subfield code="a">xi, 466p., 16p. of plates :</subfield>
    <subfield code="b">ill., maps ;</subfield>
    <subfield code="c">22cm</subfield>
  </datafield>
  <datafield tag="500" ind1=" " ind2=" ">
    <subfield code="a">Translation of: Le monde Malais</subfield>
  </datafield>
  <datafield tag="500" ind1=" " ind2=" ">
    <subfield code="a">includes index</subfield>
  </datafield>
  <datafield tag="504" ind1=" " ind2=" ">
    <subfield code="a">Bibliography: p. 445-457</subfield>
  </datafield>
  <datafield tag="651" ind1=" " ind2="0">
    <subfield code="a">Malaya</subfield>
    <subfield code="9">8231</subfield>
  </datafield>
  <datafield tag="651" ind1=" " ind2="0">
    <subfield code="a">Indonesia</subfield>
    <subfield code="9">8232</subfield>
  </datafield>
  <datafield tag="651" ind1=" " ind2="0">
    <subfield code="a">Borneo</subfield>
    <subfield code="9">8233</subfield>
  </datafield>
  <datafield tag="651" ind1=" " ind2="0">
    <subfield code="a">Philippine Islands</subfield>
    <subfield code="9">8234</subfield>
  </datafield>
  <datafield tag="700" ind1="1" ind2=" ">
    <subfield code="a">Laborde, E. D.</subfield>
    <subfield code="q">(Edward Dalrymple),</subfield>
    <subfield code="d">1890-,</subfield>
    <subfield code="e">tr.</subfield>
    <subfield code="9">8235</subfield>
  </datafield>
  <datafield tag="942" ind1=" " ind2=" ">
    <subfield code="2">ddc</subfield>
    <subfield code="c">BOOK</subfield>
  </datafield>
  <datafield tag="952" ind1=" " ind2=" ">
    <subfield code="0">0</subfield>
    <subfield code="1">0</subfield>
    <subfield code="2">ddc</subfield>
    <subfield code="4">0</subfield>
    <subfield code="7">0</subfield>
    <subfield code="8">NFIC</subfield>
    <subfield code="a">AKMALHQ</subfield>
    <subfield code="b">AKMALHQ</subfield>
    <subfield code="d">2017-05-25</subfield>
    <subfield code="i">900038</subfield>
    <subfield code="l">0</subfield>
    <subfield code="o">959 ROB</subfield>
    <subfield code="p">201705357</subfield>
    <subfield code="r">2017-05-25</subfield>
    <subfield code="w">2017-05-25</subfield>
    <subfield code="y">BOOK</subfield>
  </datafield>
</record>
